000 00463nam a2200181 a 4500
001 1757824957387
003 YourLibrary
005 20250915121406.0
008 250914s2008##################000#0#eng##
020 _a9780415423618
082 0 4 _a150.195
_bJAC
100 1 _aLacan, Jacques,
_eauthor.
245 1 0 _aThe Ethics of Psychoanalysis, 1959-1960 :
260 _c2008.
650 0 _aEthics.
942 _cENGLISH
040 _aYourLibrary
_beng
_cYourLibrary
999 _c587039
_d587039